Formulación y evaluación de un proyecto de inversión de un servicio de telefonía a través de la Cooperativa Eléctrica de Huanguelén /

Guardado en:
Otros Autores: Burg, Daniela Inés. (Disertante), Perotti, René Danilo. (Orientador)
Formato: Manuscrito
Idioma:Spanish
Publicado: 2006.
Materias:
Etiquetas: Agregar Etiqueta
Sin Etiquetas, Sea el primero en etiquetar este registro!
LEADER 01245ntm a22002655a 4500
001 EAD.ead000627
008 070215s2006####ag#######bm###000#0#spa#d
005 20081027160823.0
245 1 0 |a Formulación y evaluación de un proyecto de inversión de un servicio de telefonía a través de la Cooperativa Eléctrica de Huanguelén /  |c Daniela Inés Burg. 
260 |c 2006. 
300 |a 96 h. ;  |c 30 cm. 
502 |a Tesis (licenciatura)--Universidad Nacional del Sur. Departamento de Ciencias de la Administración, 2006. 
500 |a Director de tesis: René Danilo Perotti. 
504 |a Incluye referencias bibliográficas. 
530 |a También disponible en formato digital. 
100 1 |a Burg, Daniela Inés.  |4 dis 
700 1 |a Perotti, René Danilo.  |4 ths 
710 2 |a Universidad Nacional del Sur.  |b Departamento de Ciencias de la Administración  |4 dgg. 
082 0 4 |a 384.6  |2 21 
650 7 |a Análisis de inversiones.  |2 unbist 
650 7 |a Servicios telefónicos.  |2 unbist 
653 |a Tesis digitales 
859 |a AR-BaBDC  |b BIB. ADMINISTRACION - Tesis  |h 384.6  |i B91  |k T  |p b05489 
859 |a AR-BaBDC  |b BIB. ADMINISTRACION - Tesis  |h 384.6  |i B91  |k T  |p b05490  |t Ej.2 
859 |a AR-BaBDC  |b BIB. ADMINISTRACION - Tesis  |h 384.6  |i B91  |k T  |p b05784  |v CD  |3 CD-ROM